| 000 | 00769nam a22002055i 4500 | ||
|---|---|---|---|
| 001 | 159281 | ||
| 003 | ES-MaACL | ||
| 005 | 20250516163846.0 | ||
| 008 | 040909s1880 fr |||| | fre d | ||
| 040 |
_aCAM _bspa _cCAM |
||
| 100 | 1 |
_aMeilhac, Henri. _9129795 |
|
| 245 | 1 | 0 |
_aFroufrou _b: comédie en cinq actes / _cpar Henry Meilhac et Ludovic Halévy. |
| 250 | _a9e éd. | ||
| 260 |
_aParis : _bCalmann Lévy éditeur, _c1880 ( _eImprimerie de Lagny : _fF. Aureau) |
||
| 300 |
_a163 p. ; _c19 cm. |
||
| 500 | _aReprésentée pour la premiere fois à Paris sur le theátre du Gumnase le 30 octobre 1869. | ||
| 700 | 1 |
_aHalévy, Ludovic, _d1834-1908 _9240505 |
|
| 852 |
_aES-MaACL _jD-2368 _z-- Rust. falto de la cub. posterior |
||
| 999 |
_c159281 _d159281 |
||